|
|
|
|
| LEADER |
00894nab a2200241 i 4500 |
| 001 |
publ33305 |
| 005 |
20250527154240.0 |
| 008 |
250527s1983 hu o 000 eng d |
| 022 |
|
|
|a 0027-5557
|
| 024 |
7 |
|
|a 10.1111/j.1439-0507.1983.tb03157.x
|2 doi
|
| 024 |
7 |
|
|a 105897
|2 mtmt
|
| 040 |
|
|
|a SZTE Publicatio Repozitórium
|b hun
|
| 041 |
|
|
|a eng
|
| 100 |
1 |
|
|a Raith L.
|
| 245 |
1 |
0 |
|a Decreased Candida albicans Killing Activity of Granulocytes from Patients with Diabetes mellitus [Verminderte Candida-albicans-Abtötungsaktivität der Granulozyten von Patienten mit Diabetes mellitus]
|h [elektronikus dokumentum] /
|c Raith L.
|
| 260 |
|
|
|c 1983
|
| 300 |
|
|
|a 6
|
| 300 |
|
|
|a 557-564
|
| 490 |
0 |
|
|a MYKOSEN
|v 26 No. 11
|
| 650 |
|
4 |
|a Klinikai orvostan
|
| 700 |
0 |
1 |
|a Csató M.
|e aut
|
| 700 |
0 |
1 |
|a Dobozy Attila
|e aut
|
| 856 |
4 |
0 |
|u http://publicatio.bibl.u-szeged.hu/33305/1/aok_klny_678_83.pdf
|z Dokumentum-elérés
|